| Tag |
First Indicator |
Second Indicator |
Subfields |
| LEADER |
00000pam a2200000 4500 |
| 001 |
in00000200708 |
| 005 |
20151009062529.0 |
| 008 |
730405s1973 mau b 00110 eng |
| 010 |
|
|
|a 73005928
|
| 020 |
|
|
|a 0807027669
|c $8.95
|
| 035 |
|
|
|a (OCoLC)00614276
|
| 035 |
|
|
|9 AAX8287AM
|
| 040 |
|
|
|a DLC
|c DLC
|d TXA
|d UtOrBLW
|
| 043 |
|
|
|a n-us---
|
| 049 |
|
|
|a TXAM
|c [1149525]
|
| 050 |
0 |
0 |
|a HQ536
|b .M39
|
| 082 |
0 |
|
|a 301.42/0973
|
| 100 |
1 |
|
|a Mazur, Ronald Michael.
|
| 245 |
1 |
4 |
|a The new intimacy ;
|b open-ended marriage and alternative lifestyles /
|c by Ronald Mazur.
|
| 264 |
|
1 |
|a Boston :
|b Beacon Press,
|c [1973]
|
| 300 |
|
|
|a 134 pages ;
|c 21 cm.
|
| 336 |
|
|
|a text
|b txt
|2 rdacontent
|
| 337 |
|
|
|a unmediated
|b n
|2 rdamedia
|
| 338 |
|
|
|a volume
|b nc
|2 rdacarrier
|
| 504 |
|
|
|a Includes bibliographical references.
|
| 650 |
|
0 |
|a Marriage
|z United States.
|
| 650 |
|
0 |
|a Intimacy (Psychology)
|
| 650 |
|
0 |
|a Free love.
|
| 999 |
|
|
|a MARS
|
| 999 |
f |
f |
|s 0b4cda1f-2e71-389e-85b3-77824ad87776
|i 0196b841-28e8-3921-b79d-d24238ad1d87
|t 0
|
| 952 |
f |
f |
|p ric
|a Texas A&M University
|b Rellis Campus
|c Joint Library Facility
|d Remote Storage
|t 0
|e HQ536 .M39
|h Library of Congress classification
|i unmediated -- volume
|m A14802958531
|
| 998 |
f |
f |
|a HQ536 .M39
|t 0
|l Remote Storage
|